000 00835nas a2200289 4500
001 BR2015006920
003 BR-BrBNA
005 20231205125947.0
007 ta
008 230509b bl.|||p| |||| 00| 00por d
040 _aBR-BrBNA
_bpor
_cBiblioteca Nacional de Agricultura
041 _a(En)
072 _aL20
100 1 _aSilva, R.J. da
100 1 _aFecchio, D.
100 1 _aBarraviera, B.
245 1 _aAntitumor effect of snake venoms
650 _aCOBRA PECONHENTA
650 _aVENENO
650 _aANALISE
650 _aTRATAMENTO
650 _aCANCER
773 0 _tJournal of Venomous Animals and Toxins (Brazil)
_xISSN 1678-4936
_g(1996), v. 2(2) p. 79-90
_wBR2015006920
856 4 0 _uhttp://dx.doi.org/10.1590/S0104-79301996000200002
909 _a202311
_bLúcia
_c55
_dLúcia Elande
942 _2AGRIS
_n0
_cANA
999 _c247128
_d247128